| 000 | 01099nam a22002777a 4500 | ||
|---|---|---|---|
| 005 | 20170504122357.0 | ||
| 010 | _a1617EN ENG-117089 | ||
| 020 |
_c595.00 _a9780198062288 |
||
| 035 | _aB-651388-412 | ||
| 035 | _aEN-100621 | ||
| 035 | _aB-666240 | ||
| 037 |
_bPragati _adpl |
||
| 037 | _bDBAD/PUB | ||
| 082 | _a003 | ||
| 100 | _aLathi, B.P. | ||
| 245 |
_aPrinciples of signal processing and linear systems / _c by B.P.Lathi |
||
| 250 | _a9th ed. | ||
| 260 |
_aNew Delhi _bOxford University Press _c2015 |
||
| 270 |
_aYMCA Library Building, 1, Jai Singh Road, _bNew Delhi _e110001 |
||
| 300 |
_axi,840p. _c24cm(pbk) _b illus. |
||
| 700 | _aPaula, Julio de | ||
| 700 | _aSmith, David. | ||
| 942 |
_2ddc _cEN _h003 _mLAT |
||
| 999 |
_c101837 _d101837 |
||